| 000 | 01389cam a22003974a 4500 | ||
|---|---|---|---|
| 001 | 15687905 | ||
| 003 | OSt | ||
| 005 | 20140310182501.0 | ||
| 008 | 090330s2009 stka b 001 0 eng | ||
| 010 | _a 2009013024 | ||
| 015 |
_aGBA8B1917 _2bnb |
||
| 016 | 7 |
_a014760356 _2Uk |
|
| 016 | 7 |
_a101500493 _2DNLM |
|
| 020 | _a9780702030413 (alk. paper) | ||
| 020 | _a0702030414 (alk. paper) | ||
| 035 | _a(OCoLC)ocn258084883 | ||
| 040 |
_aDNLM/DLC _cDLC _dUKM _dBTCTA _dNLM _dYDXCP _dC#P _dOCLCA _dCDX _dDLC |
||
| 042 | _apcc | ||
| 050 | 0 | 0 |
_aR 857 _b.G442 2009 |
| 100 | 1 |
_aGibbs, Vivien. _98693 |
|
| 245 | 1 | 0 |
_aUltrasound physics and technology : _bhow, why and when / _cVivien Gibbs, David Cole, Antonio Sassano. |
| 260 |
_aNew York : _bChurchill Livingstone/Elsevier, _cc2009. |
||
| 300 |
_a137 p. : _bcol. ill. ; _c25 cm. |
||
| 650 | 0 |
_aUltrasonics in medicine. _98694 |
|
| 650 | 0 |
_aDiagnostic ultrasonic imaging. _98692 |
|
| 650 | 1 | 2 |
_aUltrasonics. _98695 |
| 650 | 2 | 2 |
_aUltrasonography _xinstrumentation. _98696 |
| 650 | 2 | 2 |
_aUltrasonography _xmethods. _98697 |
| 700 | 1 |
_aCole, David, _cTDCR. _98698 |
|
| 700 | 1 |
_aSassano, Antonio. _98699 |
|
| 906 |
_a7 _bcbc _corignew _d1 _eecip _f20 _gy-gencatlg |
||
| 942 |
_2lcc _cSSLC |
||
| 999 |
_c13816 _d13816 |
||